Statistics for Geography of Greece

Click here to take the quiz!

General Stats

  • This quiz has been taken 28 times
  • The average score is 17 of 46

Answer Stats

CityPopulation% Correct
Athens664,046
100%
Thessaloniki354,290
90%
Crete
76%
Olympus
71%
Patra168,034
71%
Rhodes
67%
Corfu
62%
Heraklion137,154
62%
Larisa144,651
57%
Lesbos
52%
Aliakmonas
48%
Cephalonia
43%
Evros
43%
Kos
43%
Piraeus163,688
43%
Volos86,048
43%
Zakynthos
43%
Chios
38%
Euboia
38%
Lefkada
33%
Naxos
33%
Peristeri139,981
33%
Andros
29%
Lemnos
29%
Nestos
29%
Paros
29%
Samos
29%
Thassos
29%
Trichonida
29%
Acheloos
24%
Kallithea100,641
24%
Kythira
24%
Pineios
24%
Glyfada87,305
19%
Great Prespa
19%
Ilioupoli78,153
19%
Kalamaria91,617
19%
Karpathos
19%
Little Prespa
19%
Nikaia89,380
19%
Skyros
19%
Acharnes99,346
14%
Ilion84,793
14%
Smolikas
14%
Strymonas
10%
Icaria
5%

Score Distribution

Percentile by Number Answered

Percent of People with Each Score

Your Score History

You have not taken this quiz